[Event "Deutsche Ländermeisterschaft 2016"]
[Site "Hannover GER"]
[Date "2016.10.05"]
[Round "7"]
[White "Müller, Nick"]
[Black "Bauer, Andreas"]
[Result "1/2-1/2"]
[Termination "normal"]
[Board "4.1"]
[WhiteElo "2197"]
[BlackElo "2239"]
[WhiteClock "00:05:59"]
[BlackClock "00:03:50"]
[WhiteTeam "Mecklenburg-Vorpommern"]
[BlackTeam "Baden 1"]
[PlyCount "72"]
[WhiteFideId "24692093"]
[BlackFideId "4625030"]
[EventCountry "GER"]
[EventRounds "7"]
[EventType "team-swiss"]
[EventDate "2016.09.30"]

1. e4 {[%clk 1:30:55]} c5 {[%clk 1:29:08]} 2. Nf3 {[%clk 1:30:52]} d6 {[%clk
1:28:38]} 3. d4 {[%clk 1:29:15]} cxd4 {[%clk 1:28:22]} 4. Nxd4 {[%clk 1:29:17]}
Nf6 {[%clk 1:28:08]} 5. Nc3 {[%clk 1:29:36]} g6 {[%clk 1:27:05]} 6. Be3 {[%clk
1:27:18]} Bg7 {[%clk 1:27:02]} 7. f3 {[%clk 1:27:00]} O-O {[%clk 1:26:33]} 8.
Qd2 {[%clk 1:26:15]} Nc6 {[%clk 1:25:52]} 9. O-O-O {[%clk 1:15:29]} d5 {[%clk
1:24:21]} 10. exd5 {[%clk 1:11:24]} Nxd5 {[%clk 1:23:50]} 11. Nxc6 {[%clk
1:10:39]} bxc6 {[%clk 1:23:36]} 12. Nxd5 {[%clk 1:07:29]} cxd5 {[%clk 1:22:04]}
13. Qxd5 {[%clk 1:04:00]} Qc7 {[%clk 1:18:09]} 14. Qc5 {[%clk 1:03:10]} Qb7
{[%clk 1:17:52]} 15. Qb5 {[%clk 1:03:06]} Qxb5 {[%clk 1:15:19]} 16. Bxb5 {[%clk
1:03:17]} Rb8 {[%clk 1:15:43]} 17. Bc4 {[%clk 1:00:54]} Bxb2+ {[%clk 1:04:44]}
18. Kd2 {[%clk 0:59:38]} a5 {[%clk 1:00:35]} 19. a4 {[%clk 0:51:31]} Bf5 {[%clk
0:49:49]} 20. Bb3 {[%clk 0:50:43]} h5 {[%clk 0:40:21]} 21. h3 {[%clk 0:44:47]}
Rfd8+ {[%clk 0:31:44]} 22. Ke2 {[%clk 0:44:20]} Rdc8 {[%clk 0:32:13]} 23. Rd2
{[%clk 0:23:00]} h4 {[%clk 0:21:08]} 24. Rhd1 {[%clk 0:19:33]} Bf6 {[%clk
0:16:01]} 25. Ba7 {[%clk 0:18:44]} Ra8 {[%clk 0:16:25]} 26. Bb6 {[%clk
0:18:49]} e6 {[%clk 0:16:53]} 27. c4 {[%clk 0:16:42]} Rab8 {[%clk 0:12:52]} 28.
c5 {[%clk 0:15:08]} Be7 {[%clk 0:13:18]} 29. Rd6 {[%clk 0:12:19]} Bxd6 {[%clk
0:10:03]} 30. Rxd6 {[%clk 0:12:41]} Kf8 {[%clk 0:10:30]} 31. Bc4 {[%clk
0:11:09]} Ke7 {[%clk 0:07:07]} 32. Bb5 {[%clk 0:10:34]} e5 {[%clk 0:07:06]} 33.
Rd5 {[%clk 0:10:05]} Kf6 {[%clk 0:05:47]} 34. Rd6+ {[%clk 0:05:31]} Ke7 {[%clk
0:04:31]} 35. Rd5 {[%clk 0:05:35]} Kf6 {[%clk 0:04:41]} 36. Rd6+ {[%clk
0:05:59]} Ke7 {[%clk 0:03:50]} 1/2-1/2

[Event "Deutsche Ländermeisterschaft 2016"]
[Site "Hannover GER"]
[Date "2016.10.05"]
[Round "7"]
[White "Gschnitzer, Adrian"]
[Black "Schmekel, Florian"]
[Result "1-0"]
[Termination "normal"]
[Board "4.2"]
[WhiteElo "2232"]
[BlackElo "1994"]
[WhiteClock "00:13:33"]
[BlackClock "00:03:38"]
[WhiteTeam "Baden 1"]
[BlackTeam "Mecklenburg-Vorpommern"]
[PlyCount "59"]
[WhiteFideId "1270337"]
[BlackFideId "12913456"]
[EventCountry "GER"]
[EventRounds "7"]
[EventType "team-swiss"]
[EventDate "2016.09.30"]

1. e4 {[%clk 1:30:58]} c5 {[%clk 1:30:56]} 2. Nf3 {[%clk 1:31:21]} Nc6 {[%clk
1:31:20]} 3. d4 {[%clk 1:31:45]} cxd4 {[%clk 1:31:45]} 4. Nxd4 {[%clk 1:32:10]}
g6 {[%clk 1:32:09]} 5. Nc3 {[%clk 1:32:34]} Bg7 {[%clk 1:32:32]} 6. Be3 {[%clk
1:32:58]} Nf6 {[%clk 1:32:55]} 7. Bc4 {[%clk 1:33:21]} Qa5 {[%clk 1:33:19]} 8.
O-O {[%clk 1:33:41]} O-O {[%clk 1:33:41]} 9. Bb3 {[%clk 1:34:03]} d6 {[%clk
1:33:55]} 10. h3 {[%clk 1:34:24]} Bd7 {[%clk 1:34:16]} 11. Re1 {[%clk 1:34:34]}
Rac8 {[%clk 1:34:25]} 12. Nf3 {[%clk 1:32:58]} Qc7 {[%clk 1:13:36]} 13. Qe2
{[%clk 1:28:59]} b6 {[%clk 1:10:24]} 14. Rad1 {[%clk 1:27:58]} Na5 {[%clk
1:04:00]} 15. Bg5 {[%clk 1:18:16]} Nxb3 {[%clk 0:56:20]} 16. axb3 {[%clk
1:15:00]} Rfe8 {[%clk 0:53:06]} 17. Nd4 {[%clk 1:05:09]} Bc6 {[%clk 0:40:22]}
18. b4 {[%clk 0:59:17]} a5 {[%clk 0:32:29]} 19. b5 {[%clk 0:48:29]} Bb7 {[%clk
0:31:46]} 20. f3 {[%clk 0:46:25]} Nd7 {[%clk 0:28:44]} 21. Qf2 {[%clk 0:41:12]}
Ne5 {[%clk 0:15:03]} 22. Nd5 {[%clk 0:35:22]} Qd8 {[%clk 0:13:48]} 23. Qh4
{[%clk 0:27:24]} f6 {[%clk 0:08:26]} 24. Bc1 {[%clk 0:21:57]} Bxd5 {[%clk
0:07:41]} 25. exd5 {[%clk 0:21:33]} Rc5 {[%clk 0:05:43]} 26. f4 {[%clk
0:19:00]} g5 {[%clk 0:04:11]} 27. Qh5 {[%clk 0:14:41]} gxf4 {[%clk 0:03:16]}
28. Ne6 {[%clk 0:13:19]} Qc8 {[%clk 0:03:29]} 29. Rxe5 {[%clk 0:13:22]} dxe5
{[%clk 0:03:38]} 30. Qg4 {[%clk 0:13:33]} 1-0

[Event "Deutsche Ländermeisterschaft 2016"]
[Site "Hannover GER"]
[Date "2016.10.05"]
[Round "7"]
[White "Lange, Jannis"]
[Black "Mütsch, Annmarie"]
[Result "0-1"]
[Termination "normal"]
[Board "4.3"]
[WhiteElo "1849"]
[BlackElo "2008"]
[WhiteClock "00:17:26"]
[BlackClock "00:21:33"]
[WhiteTeam "Mecklenburg-Vorpommern"]
[BlackTeam "Baden 1"]
[PlyCount "88"]
[WhiteFideId "12993107"]
[BlackFideId "12971367"]
[EventCountry "GER"]
[EventRounds "7"]
[EventType "team-swiss"]
[EventDate "2016.09.30"]

1. e4 {[%clk 1:30:50]} c5 {[%clk 1:30:54]} 2. Nf3 {[%clk 1:30:42]} Nc6 {[%clk
1:31:15]} 3. g3 {[%clk 1:30:39]} g6 {[%clk 1:23:24]} 4. Bg2 {[%clk 1:30:27]}
Bg7 {[%clk 1:23:41]} 5. d3 {[%clk 1:30:08]} d6 {[%clk 1:22:55]} 6. O-O {[%clk
1:30:01]} Nf6 {[%clk 1:22:53]} 7. Nbd2 {[%clk 1:29:33]} O-O {[%clk 1:17:26]} 8.
c3 {[%clk 1:26:54]} Ne8 {[%clk 0:49:43]} 9. Re1 {[%clk 1:23:32]} Nc7 {[%clk
0:46:19]} 10. Nf1 {[%clk 1:18:44]} Bg4 {[%clk 0:39:51]} 11. Ne3 {[%clk
1:18:01]} Bxf3 {[%clk 0:38:46]} 12. Bxf3 {[%clk 1:17:03]} Rc8 {[%clk 0:34:43]}
13. Bg2 {[%clk 1:13:29]} e6 {[%clk 0:33:33]} 14. f4 {[%clk 1:05:04]} b6 {[%clk
0:28:44]} 15. g4 {[%clk 0:56:16]} d5 {[%clk 0:27:29]} 16. Qf3 {[%clk 0:49:33]}
d4 {[%clk 0:26:57]} 17. Nd1 {[%clk 0:32:52]} dxc3 {[%clk 0:24:08]} 18. Nxc3
{[%clk 0:32:20]} Nd4 {[%clk 0:22:15]} 19. Qd1 {[%clk 0:31:58]} e5 {[%clk
0:18:02]} 20. f5 {[%clk 0:28:41]} Bf6 {[%clk 0:17:40]} 21. Bh6 {[%clk 0:27:11]}
Re8 {[%clk 0:15:50]} 22. Qd2 {[%clk 0:26:22]} Nc6 {[%clk 0:10:33]} 23. g5
{[%clk 0:24:17]} Qd4+ {[%clk 0:10:50]} 24. Kh1 {[%clk 0:22:54]} Be7 {[%clk
0:08:34]} 25. f6 {[%clk 0:22:05]} Bf8 {[%clk 0:08:13]} 26. Bxf8 {[%clk
0:22:17]} Kxf8 {[%clk 0:06:53]} 27. Re3 {[%clk 0:17:20]} Red8 {[%clk 0:05:29]}
28. Rh3 {[%clk 0:17:07]} Kg8 {[%clk 0:04:43]} 29. Qe1 {[%clk 0:12:56]} h5
{[%clk 0:02:22]} 30. gxh6 {[%clk 0:09:31]} Kh7 {[%clk 0:02:41]} 31. a3 {[%clk
0:05:25]} Qd6 {[%clk 0:02:10]} 32. Qh4 {[%clk 0:04:18]} Nd4 {[%clk 0:01:50]}
33. Rf1 {[%clk 0:03:57]} b5 {[%clk 0:02:12]} 34. Rg3 {[%clk 0:03:00]} b4 {[%clk
0:02:26]} 35. axb4 {[%clk 0:03:12]} cxb4 {[%clk 0:02:52]} 36. Nd1 {[%clk
0:03:18]} Nce6 {[%clk 0:02:51]} 37. Bh3 {[%clk 0:03:27]} Rc1 {[%clk 0:01:48]}
38. Bxe6 {[%clk 0:03:23]} Nxe6 {[%clk 0:01:37]} 39. Ne3 {[%clk 0:03:27]} Rxf1+
{[%clk 0:01:32]} 40. Nxf1 {[%clk 0:03:35]} Rc8 {[%clk 0:00:50]} 41. Qg4 {[%clk
0:24:27]} Rc1 {[%clk 0:29:36]} 42. Qf3 {[%clk 0:22:43]} Nf4 {[%clk 0:28:51]}
43. Rg1 {[%clk 0:20:59]} Qxf6 {[%clk 0:22:11]} 44. Ng3 {[%clk 0:17:26]} Nh3
{[%clk 0:21:33]} 0-1

[Event "Deutsche Ländermeisterschaft 2016"]
[Site "Hannover GER"]
[Date "2016.10.05"]
[Round "7"]
[White "Färber, David"]
[Black "Schumann, Rabea"]
[Result "1-0"]
[Termination "normal"]
[Board "4.4"]
[WhiteElo "2186"]
[BlackElo "1857"]
[WhiteClock "00:17:12"]
[BlackClock "00:12:48"]
[WhiteTeam "Baden 1"]
[BlackTeam "Mecklenburg-Vorpommern"]
[PlyCount "109"]
[WhiteFideId "12971294"]
[BlackFideId "12918199"]
[EventCountry "GER"]
[EventRounds "7"]
[EventType "team-swiss"]
[EventDate "2016.09.30"]

1. e4 {[%clk 1:30:58]} c5 {[%clk 1:30:50]} 2. Nf3 {[%clk 1:31:21]} Nc6 {[%clk
1:31:13]} 3. d4 {[%clk 1:31:44]} cxd4 {[%clk 1:31:35]} 4. Nxd4 {[%clk 1:32:07]}
g6 {[%clk 1:31:58]} 5. Nc3 {[%clk 1:32:27]} Bg7 {[%clk 1:32:20]} 6. Be3 {[%clk
1:32:47]} Nf6 {[%clk 1:32:28]} 7. Bc4 {[%clk 1:33:04]} Qa5 {[%clk 1:31:42]} 8.
O-O {[%clk 1:32:44]} O-O {[%clk 1:31:48]} 9. Bb3 {[%clk 1:32:53]} Qc7 {[%clk
1:23:29]} 10. Re1 {[%clk 1:25:36]} d6 {[%clk 1:21:00]} 11. h3 {[%clk 1:23:40]}
b6 {[%clk 1:13:47]} 12. Nxc6 {[%clk 1:15:00]} Qxc6 {[%clk 1:14:02]} 13. Bd4
{[%clk 1:08:40]} Qd7 {[%clk 0:58:08]} 14. Qd3 {[%clk 1:06:32]} e6 {[%clk
0:51:19]} 15. Rad1 {[%clk 1:05:09]} Rd8 {[%clk 0:46:02]} 16. Qf3 {[%clk
0:59:03]} Ne8 {[%clk 0:41:51]} 17. Ba4 {[%clk 0:52:27]} Qe7 {[%clk 0:39:19]}
18. Bxe8 {[%clk 0:52:12]} Rxe8 {[%clk 0:38:10]} 19. Bxg7 {[%clk 0:49:24]} Kxg7
{[%clk 0:38:26]} 20. Qd3 {[%clk 0:49:22]} Rd8 {[%clk 0:36:44]} 21. Qd4+ {[%clk
0:48:47]} e5 {[%clk 0:33:12]} 22. Nd5 {[%clk 0:45:47]} Qg5 {[%clk 0:25:34]} 23.
Qd3 {[%clk 0:41:35]} Bb7 {[%clk 0:24:11]} 24. c4 {[%clk 0:39:40]} Rac8 {[%clk
0:22:36]} 25. b3 {[%clk 0:37:38]} Rd7 {[%clk 0:19:42]} 26. a4 {[%clk 0:33:02]}
f5 {[%clk 0:12:48]} 27. exf5 {[%clk 0:26:43]} Qxf5 {[%clk 0:09:59]} 28. Qe2
{[%clk 0:23:18]} Bxd5 {[%clk 0:05:20]} 29. Rxd5 {[%clk 0:23:27]} Rc5 {[%clk
0:05:07]} 30. Rd3 {[%clk 0:20:52]} h6 {[%clk 0:02:36]} 31. Red1 {[%clk
0:18:15]} Qe6 {[%clk 0:02:00]} 32. Qe4 {[%clk 0:17:19]} Kf7 {[%clk 0:01:50]}
33. h4 {[%clk 0:15:28]} Kg7 {[%clk 0:01:35]} 34. R1d2 {[%clk 0:12:31]} Qf6
{[%clk 0:01:11]} 35. Rg3 {[%clk 0:11:16]} Qe6 {[%clk 0:01:05]} 36. f4 {[%clk
0:09:34]} Rf7 {[%clk 0:01:03]} 37. h5 {[%clk 0:09:06]} g5 {[%clk 0:00:44]} 38.
fxg5 {[%clk 0:09:19]} hxg5 {[%clk 0:00:40]} 39. Rxg5+ {[%clk 0:09:27]} Kf8
{[%clk 0:00:55]} 40. Rg6 {[%clk 0:08:12]} Qf5 {[%clk 0:00:36]} 41. Qxf5 {[%clk
0:02:43]} Rxf5 {[%clk 0:00:36]} 42. h6 {[%clk 0:28:34]} Rh5 {[%clk 0:22:15]}
43. Rdxd6 {[%clk 0:25:09]} Rc7 {[%clk 0:20:20]} 44. Rd8+ {[%clk 0:23:17]} Ke7
{[%clk 0:20:11]} 45. Rh8 {[%clk 0:22:51]} Rc5 {[%clk 0:14:48]} 46. Rh7+ {[%clk
0:18:49]} Kf8 {[%clk 0:14:55]} 47. Rf6+ {[%clk 0:18:51]} Ke8 {[%clk 0:14:51]}
48. Re6+ {[%clk 0:19:00]} Kf8 {[%clk 0:14:32]} 49. Rf6+ {[%clk 0:18:35]} Ke8
{[%clk 0:14:56]} 50. Rxa7 {[%clk 0:18:57]} Rc8 {[%clk 0:13:28]} 51. Rg7 {[%clk
0:17:05]} Rd8 {[%clk 0:12:16]} 52. Rg8+ {[%clk 0:16:42]} Ke7 {[%clk 0:12:38]}
53. Rxd8 {[%clk 0:17:02]} Kxf6 {[%clk 0:12:40]} 54. Rd6+ {[%clk 0:17:21]} Kf5
{[%clk 0:12:48]} 55. Kf2 {[%clk 0:17:12]} 1-0

[Event "Deutsche Ländermeisterschaft 2016"]
[Site "Hannover GER"]
[Date "2016.10.05"]
[Round "7"]
[White "Dobrikov, Marco"]
[Black "Troyke, Jannis"]
[Result "1-0"]
[Termination "normal"]
[Board "4.6"]
[WhiteElo "1926"]
[BlackElo "1726"]
[WhiteClock "00:23:02"]
[BlackClock "00:25:38"]
[WhiteTeam "Baden 1"]
[BlackTeam "Mecklenburg-Vorpommern"]
[PlyCount "91"]
[WhiteFideId "12950378"]
[BlackFideId "12993115"]
[EventCountry "GER"]
[EventRounds "7"]
[EventType "team-swiss"]
[EventDate "2016.09.30"]

1. e4 {[%clk 1:30:57]} c5 {[%clk 1:30:56]} 2. Nf3 {[%clk 1:31:22]} d6 {[%clk
1:31:20]} 3. d4 {[%clk 1:31:35]} cxd4 {[%clk 1:31:43]} 4. Nxd4 {[%clk 1:31:58]}
Nf6 {[%clk 1:32:04]} 5. Nc3 {[%clk 1:32:19]} g6 {[%clk 1:32:25]} 6. Be3 {[%clk
1:32:31]} Bg7 {[%clk 1:32:46]} 7. f3 {[%clk 1:32:56]} O-O {[%clk 1:33:06]} 8.
Qd2 {[%clk 1:33:19]} Nc6 {[%clk 1:33:29]} 9. O-O-O {[%clk 1:33:42]} d5 {[%clk
1:33:46]} 10. exd5 {[%clk 1:33:14]} Nxd5 {[%clk 1:34:08]} 11. Nxc6 {[%clk
1:33:35]} bxc6 {[%clk 1:34:32]} 12. Bd4 {[%clk 1:33:34]} e5 {[%clk 0:51:12]}
13. Bc5 {[%clk 1:32:58]} Re8 {[%clk 0:51:19]} 14. Nxd5 {[%clk 1:16:55]} cxd5
{[%clk 0:51:18]} 15. Qxd5 {[%clk 1:10:01]} Qxd5 {[%clk 0:51:31]} 16. Rxd5
{[%clk 1:10:30]} Be6 {[%clk 0:51:51]} 17. Rd3 {[%clk 1:06:26]} Rec8 {[%clk
0:45:18]} 18. Be3 {[%clk 1:03:04]} Bxa2 {[%clk 0:41:12]} 19. Ra3 {[%clk
1:02:44]} Be6 {[%clk 0:41:08]} 20. Ba6 {[%clk 0:55:31]} Rc7 {[%clk 0:36:17]}
21. Rd1 {[%clk 0:55:30]} Rb8 {[%clk 0:34:12]} 22. c3 {[%clk 0:51:12]} Bf8
{[%clk 0:19:59]} 23. Ra5 {[%clk 0:46:03]} Bg7 24. Rc5 {[%clk 0:46:30]} Rxc5
{[%clk 0:15:25]} 25. Bxc5 {[%clk 0:43:52]} Ba2 {[%clk 0:10:08]} 26. b4 {[%clk
0:43:16]} e4 {[%clk 0:09:44]} 27. Kb2 Be6 28. fxe4 {[%clk 0:43:19]} Be5 {[%clk
0:09:41]} 29. g3 {[%clk 0:39:40]} Bg4 {[%clk 0:05:57]} 30. Rd5 {[%clk 0:28:39]}
f6 {[%clk 0:05:30]} 31. Bc4 {[%clk 0:27:35]} Kg7 {[%clk 0:04:18]} 32. Kb3
{[%clk 0:27:52]} Be6 33. Rd3 {[%clk 0:28:21]} Bxc4+ {[%clk 0:03:30]} 34. Kxc4
Rb7 {[%clk 0:02:32]} 35. Rd8 {[%clk 0:28:05]} Kh6 {[%clk 0:02:43]} 36. Ra8
{[%clk 0:25:26]} Bb8 {[%clk 0:02:27]} 37. b5 {[%clk 0:25:26]} Kg5 {[%clk
0:02:27]} 38. Kb4 {[%clk 0:25:18]} Kg4 {[%clk 0:00:31]} 39. Ka5 {[%clk
0:22:39]} Be5 {[%clk 0:00:35]} 40. Ka6 {[%clk 0:20:51]} Rd7 41. Bd4 {[%clk
0:51:50]} Bxd4 {[%clk 0:27:22]} 42. cxd4 {[%clk 0:52:04]} Rxd4 {[%clk 0:28:01]}
43. Rxa7 {[%clk 0:49:43]} h5 {[%clk 0:26:53]} 44. Rg7 {[%clk 0:23:14]} g5
{[%clk 0:25:38]} 45. e5 fxe5 46. h4 {[%clk 0:23:02]} 1-0

[Event "Deutsche Ländermeisterschaft 2016"]
[Site "Hannover GER"]
[Date "2016.10.05"]
[Round "7"]
[White "Eulitz, Charlotte"]
[Black "Hartmann, Cora"]
[Result "1-0"]
[Termination "normal"]
[Board "4.7"]
[WhiteElo "1465"]
[BlackElo "1868"]
[WhiteClock "00:14:02"]
[BlackClock "00:11:14"]
[WhiteTeam "Mecklenburg-Vorpommern"]
[BlackTeam "Baden 1"]
[PlyCount "103"]
[WhiteFideId "12964654"]
[BlackFideId "16200764"]
[EventCountry "GER"]
[EventRounds "7"]
[EventType "team-swiss"]
[EventDate "2016.09.30"]

1. e4 {[%clk 1:30:58]} e5 {[%clk 1:30:55]} 2. Nf3 {[%clk 1:31:23]} Nc6 {[%clk
1:31:21]} 3. Bc4 {[%clk 1:31:45]} Bc5 {[%clk 1:31:48]} 4. c3 {[%clk 1:32:09]}
Nf6 {[%clk 1:32:14]} 5. d4 {[%clk 1:32:33]} exd4 {[%clk 1:32:39]} 6. e5 {[%clk
1:32:58]} d5 {[%clk 1:32:36]} 7. Bb5 {[%clk 1:33:21]} Ne4 {[%clk 1:32:06]} 8.
cxd4 {[%clk 1:33:42]} Bb4+ {[%clk 1:31:34]} 9. Bd2 {[%clk 1:33:10]} Nxd2 {[%clk
1:31:04]} 10. Nbxd2 {[%clk 1:33:28]} Bd7 {[%clk 1:24:29]} 11. Qa4 {[%clk
1:21:26]} O-O {[%clk 1:17:32]} 12. O-O {[%clk 1:11:18]} Be7 {[%clk 1:13:09]}
13. Rac1 {[%clk 0:55:30]} a6 {[%clk 1:12:16]} 14. Bxc6 {[%clk 0:55:23]} Bxc6
{[%clk 1:12:28]} 15. Qc2 {[%clk 0:55:02]} Rc8 {[%clk 1:05:52]} 16. Rfe1 {[%clk
0:46:34]} Bb4 {[%clk 0:55:32]} 17. a3 {[%clk 0:39:55]} Ba5 {[%clk 0:54:45]} 18.
Re3 {[%clk 0:32:59]} Bb6 {[%clk 0:49:26]} 19. Rc3 {[%clk 0:28:05]} f6 {[%clk
0:46:03]} 20. Qd3 {[%clk 0:26:09]} Bb5 {[%clk 0:34:59]} 21. Qe3 {[%clk
0:25:45]} Re8 {[%clk 0:27:30]} 22. b4 {[%clk 0:17:54]} Qd7 {[%clk 0:25:48]} 23.
Qf4 {[%clk 0:15:10]} Rf8 {[%clk 0:21:37]} 24. Qe3 {[%clk 0:09:56]} Rce8 {[%clk
0:20:07]} 25. Re1 {[%clk 0:09:23]} Qg4 {[%clk 0:18:32]} 26. h3 {[%clk 0:07:56]}
Qf5 {[%clk 0:18:02]} 27. Nh4 {[%clk 0:06:54]} Qh5 {[%clk 0:16:42]} 28. Nhf3
{[%clk 0:06:07]} Re6 {[%clk 0:16:38]} 29. Nb3 {[%clk 0:05:29]} Re7 {[%clk
0:14:14]} 30. Nc5 {[%clk 0:05:20]} Rfe8 {[%clk 0:14:05]} 31. Qd2 {[%clk
0:04:28]} Bc6 {[%clk 0:09:52]} 32. Nxa6 {[%clk 0:03:32]} fxe5 {[%clk 0:08:00]}
33. dxe5 {[%clk 0:03:22]} d4 {[%clk 0:07:14]} 34. Nxd4 {[%clk 0:03:35]} Rd8
{[%clk 0:07:21]} 35. Nc5 {[%clk 0:03:44]} Qh4 {[%clk 0:06:24]} 36. Qa2+ {[%clk
0:03:30]} Bd5 {[%clk 0:06:11]} 37. Nf3 {[%clk 0:02:15]} Qh5 {[%clk 0:05:41]}
38. Qb2 {[%clk 0:01:45]} Rf8 {[%clk 0:05:05]} 39. Qe2 {[%clk 0:01:25]} Ref7
{[%clk 0:04:30]} 40. Nd4 {[%clk 0:00:51]} Qh4 {[%clk 0:03:37]} 41. Nf3 {[%clk
0:25:56]} Bxf3 {[%clk 0:32:57]} 42. Rxf3 {[%clk 0:25:36]} Rxf3 {[%clk 0:33:08]}
43. gxf3 {[%clk 0:25:23]} Qxh3 {[%clk 0:33:14]} 44. e6 {[%clk 0:24:27]} c6
{[%clk 0:16:26]} 45. e7 {[%clk 0:19:15]} Re8 {[%clk 0:16:47]} 46. Qc4+ {[%clk
0:19:12]} Kh8 {[%clk 0:16:52]} 47. Qf7 {[%clk 0:19:21]} Qc8 {[%clk 0:16:17]}
48. Nd7 {[%clk 0:18:42]} Bxf2+ {[%clk 0:12:01]} 49. Kxf2 {[%clk 0:18:41]} h6
{[%clk 0:12:30]} 50. Rg1 {[%clk 0:15:26]} Rg8 {[%clk 0:11:55]} 51. Nf6 {[%clk
0:14:04]} Qb8 {[%clk 0:11:14]} 52. Qxg8+ {[%clk 0:14:02]} 1-0

[Event "Deutsche Ländermeisterschaft 2016"]
[Site "Hannover GER"]
[Date "2016.10.05"]
[Round "7"]
[White "Basovskiy, Jana"]
[Black "Wucherer, Sophie"]
[Result "1-0"]
[Termination "normal"]
[Board "4.8"]
[WhiteElo "1435"]
[BlackElo "1213"]
[WhiteClock "00:38:33"]
[BlackClock "00:20:04"]
[WhiteTeam "Baden 1"]
[BlackTeam "Mecklenburg-Vorpommern"]
[PlyCount "109"]
[WhiteFideId "16208617"]
[BlackFideId "16225473"]
[EventCountry "GER"]
[EventRounds "7"]
[EventType "team-swiss"]
[EventDate "2016.09.30"]

1. e4 {[%clk 1:30:58]} d5 {[%clk 1:30:54]} 2. exd5 {[%clk 1:31:24]} Qxd5 {[%clk
1:31:12]} 3. Nc3 {[%clk 1:31:51]} Qa5 {[%clk 1:31:25]} 4. d4 {[%clk 1:32:10]}
c6 {[%clk 1:31:34]} 5. Bc4 {[%clk 1:32:25]} Nf6 {[%clk 1:31:40]} 6. Bd2 {[%clk
1:32:30]} Qc7 {[%clk 1:31:37]} 7. Nf3 {[%clk 1:32:56]} Bf5 {[%clk 1:31:37]} 8.
O-O {[%clk 1:32:05]} e6 {[%clk 1:31:26]} 9. Bb3 {[%clk 1:30:26]} Nbd7 {[%clk
1:30:46]} 10. Qe2 {[%clk 1:28:50]} Bd6 {[%clk 1:30:18]} 11. Rfe1 {[%clk
1:27:30]} O-O {[%clk 1:27:37]} 12. Rad1 {[%clk 1:26:00]} Rfe8 {[%clk 1:26:57]}
13. Be3 {[%clk 1:11:01]} Nd5 {[%clk 1:14:00]} 14. Qd2 {[%clk 1:01:24]} Rac8
{[%clk 1:05:00]} 15. h3 {[%clk 0:56:58]} h6 {[%clk 0:59:27]} 16. Rc1 {[%clk
0:44:47]} Nxe3 {[%clk 0:46:32]} 17. fxe3 {[%clk 0:39:25]} Nf6 {[%clk 0:44:14]}
18. e4 {[%clk 0:38:33]} Bf4 {[%clk 0:24:20]} 19. Qd1 {[%clk 0:38:15]} Nxe4
{[%clk 0:23:24]} 20. Nxe4 {[%clk 0:36:36]} Bxc1 {[%clk 0:23:36]} 21. Qxc1
{[%clk 0:36:55]} b6 {[%clk 0:20:53]} 22. Qe3 {[%clk 0:30:21]} Re7 {[%clk
0:17:20]} 23. c3 {[%clk 0:26:46]} Kf8 {[%clk 0:15:48]} 24. Rf1 {[%clk 0:22:09]}
Rd8 {[%clk 0:11:05]} 25. Ne5 {[%clk 0:17:47]} Kg8 {[%clk 0:08:18]} 26. Ba4
{[%clk 0:12:55]} b5 {[%clk 0:07:19]} 27. Bd1 {[%clk 0:12:07]} Bxe4 {[%clk
0:06:26]} 28. Qxe4 {[%clk 0:12:21]} Rd6 {[%clk 0:06:26]} 29. Bh5 {[%clk
0:10:13]} f6 {[%clk 0:06:16]} 30. Ng6 {[%clk 0:08:39]} Red7 {[%clk 0:06:09]}
31. Nf4 {[%clk 0:08:33]} Re7 {[%clk 0:06:19]} 32. Bg6 {[%clk 0:06:15]} Qd7
{[%clk 0:06:06]} 33. Bh7+ {[%clk 0:06:37]} Kf8 {[%clk 0:06:21]} 34. Ng6+ {[%clk
0:07:00]} Ke8 {[%clk 0:06:10]} 35. Nxe7 {[%clk 0:07:26]} Kxe7 {[%clk 0:05:30]}
36. Bg6 {[%clk 0:06:51]} Kf8 {[%clk 0:04:59]} 37. Bh5 {[%clk 0:06:57]} f5
{[%clk 0:04:04]} 38. Qe3 {[%clk 0:06:19]} Qe7 {[%clk 0:03:39]} 39. Qg3 {[%clk
0:06:10]} Rd7 {[%clk 0:02:33]} 40. Qg6 {[%clk 0:05:28]} Qf7 {[%clk 0:02:29]}
41. Qxf7+ {[%clk 0:05:47]} Rxf7 {[%clk 0:02:50]} 42. Bxf7 {[%clk 0:06:14]} Kxf7
{[%clk 0:03:08]} 43. Kf2 {[%clk 0:06:31]} Kf6 {[%clk 0:01:43]} 44. Ke3 {[%clk
0:06:55]} g5 {[%clk 0:30:03]} 45. a4 {[%clk 0:36:03]} a6 {[%clk 0:30:07]} 46.
axb5 {[%clk 0:36:10]} axb5 {[%clk 0:30:26]} 47. Ra1 {[%clk 0:36:38]} e5 {[%clk
0:23:05]} 48. Ra6 {[%clk 0:36:57]} exd4+ {[%clk 0:23:12]} 49. cxd4 {[%clk
0:37:20]} Kg6 {[%clk 0:21:31]} 50. Rxc6+ {[%clk 0:37:43]} Kh5 {[%clk 0:21:52]}
51. d5 {[%clk 0:37:27]} g4 {[%clk 0:20:52]} 52. hxg4+ {[%clk 0:37:33]} fxg4
{[%clk 0:21:09]} 53. Kf4 {[%clk 0:37:57]} b4 {[%clk 0:20:28]} 54. b3 {[%clk
0:38:13]} g3 {[%clk 0:20:04]} 55. Rd6 {[%clk 0:38:33]} 1-0